| 000 | 00608cam a2200193 a 4500 | ||
|---|---|---|---|
| 001 | 12747267 | ||
| 005 | 20241125174131.0 | ||
| 008 | 020418s2003 at a 001 0 eng | ||
| 020 | _a9780534394493 | ||
| 050 | 0 | 0 |
_aQB501 _b.S43 2003 |
| 082 | 0 | 0 |
_a523.2 _221 |
| 100 | 1 | _aSeeds, Michael A. | |
| 245 | 1 | 4 |
_aThe solar system / _cMichael A. Seeds. |
| 250 | _a3rd ed. | ||
| 260 |
_aAustralia ; _aPacific Grove, CA : _bBrooks/Cole Thomson Learning, _cc2003. |
||
| 300 |
_axx, 659 p. : _bill. (some col.) ; _c28 cm + _e1 computer optical disc (4 3/4 in.) |
||
| 500 | _aIncludes index. | ||
| 942 |
_2lcc _cBK _e3rd ed. _n0 |
||
| 999 |
_c1532 _d1532 |
||